000 00285nam a22001337a 4500
008 260325b ||||| |||| 00| 0 eng d
020 _a9789951053594
041 _aShqip
080 _a821.18
100 _a25
101 _aVjersha
245 _aVjersha
_cAgim Deva
942 _2udc
_cBK
999 _c60937
_d60937